[Event "Dutch Open"]
[Site "Dieren NED"]
[Date "2001.07.21"]
[Round "5"]
[White "Moiseenko,A"]
[Black "Hartoch,R"]
[Result "1-0"]
[WhiteElo "2581"]
[BlackElo "2325"]

1.d4 g6 2.e4 Bg7 3.Nc3 c6 4.h4 h5 5.Be3 d5 6.Qd2 Nh6 7.O-O-O dxe4 8.Nxe4 Nf5
9.Nf3 Nxe3 10.Qxe3 Bg4 11.Kb1 O-O 12.Be2 Nd7 13.Nfg5 Bxe2 14.Qxe2 Nf6 15.f3 Qb6
16.g4 Rad8 17.c3 Qb5 18.Qxb5 cxb5 19.Nxf6+ exf6 20.Ne4 Rd5 21.Ng3 hxg4 22.fxg4 Re8
23.Rde1 Kf8 24.a3 Re6 25.Rhf1 Ke7 26.Kc2 Rxe1 27.Rxe1+ Kd7 28.Rf1 b6 29.Kd3 Ke6
30.Re1+ Kd7 31.b3 Rd6 32.Ne4 Re6 33.Rf1 Ke7 34.c4 bxc4+ 35.bxc4 Rc6 36.a4 Rc8
37.Nc3 Rh8 38.Nd5+ Ke6 39.h5 f5 40.gxf5+ gxf5 41.Rg1 Bf8 42.Re1+ Kd6 43.Re8 Bg7
44.Rxh8 Bxh8 45.h6 Ke6 46.h7 Kd6 47.Nf4 Bg7 48.Ke3 Bh8 49.Nd3 Ke6 50.d5+ Kf6
51.Kf4 Bg7 52.Ne5 Bh6+ 53.Kf3 Bg7 54.Nc6 a5 55.Na7 Kg6 56.Nc8 Kxh7 57.Nxb6 Kg6
58.c5 Bd4 59.c6  1-0

[Event "Czech Open"]
[Site "Pardubice CZE"]
[Date "2001.07.21"]
[Round "2"]
[White "Dumitrescu,D"]
[Black "Vokac,M"]
[Result "0-1"]
[WhiteElo "2333"]
[BlackElo "2507"]

1.d4 g6 2.e4 Bg7 3.Nc3 c6 4.Bc4 b5 5.Bb3 b4 6.Nce2 Nf6 7.e5 Nd5 8.Nf3 d6
9.exd6 Qxd6 10.h3 O-O 11.O-O Nd7 12.a3 e5 13.dxe5 Nxe5 14.Nxe5 Bxe5 15.axb4 Qxb4
16.Bxd5 cxd5 17.Qxd5 Qb8 18.Ra5 Bh2+ 19.Kh1 Bb7 20.Qd4 Re8 21.Be3 Be5 22.Qd3 Qc8
23.Bd4 Qc6 24.f3 Bc7 25.Rc5 Qd6 26.Bg1 Ba6  0-1

[Event "3rd Open"]
[Site "Patras GRE"]
[Date "2001.07.23"]
[Round "6"]
[White "Tzermiadianos,And"]
[Black "Istratescu,A"]
[Result "0-1"]
[WhiteElo "2446"]
[BlackElo "2598"]

1.e4 g6 2.d4 c6 3.Nc3 Bg7 4.f4 d6 5.Nf3 Bg4 6.Be3 Qb6 7.Qd2 Nf6 8.Be2 Qc7
9.h3 Bxf3 10.Bxf3 e5 11.O-O-O Nbd7 12.g4 Nb6 13.Qe2 Nfd7 14.g5 h5 15.gxh6 Bxh6
16.fxe5 Bxe3+ 17.Qxe3 dxe5 18.d5 cxd5 19.Nxd5 Nxd5 20.Rxd5 Rc8 21.Qb3 Nf6
22.Rd2 Kf8 23.h4 Kg7 24.h5 Qc4 25.Qa3 Nxe4 26.Bxe4 Qxe4 27.h6+ Rxh6 28.Rxh6 Rxc2+  0-1

[Event "MTO"]
[Site "Biel SUI"]
[Date "2001.07.25"]
[Round "3"]
[White "Regez,M"]
[Black "Belotelov,D"]
[Result "0-1"]
[WhiteElo "2136"]
[BlackElo "2308"]

1.d4 g6 2.e4 Bg7 3.Nc3 c6 4.Bc4 d6 5.Qf3 e6 6.Nge2 b5 7.Bb3 Ne7 8.Bg5 Nd7
9.Qg3 h6 10.Be3 Nf6 11.a3 a5 12.O-O Ba6 13.e5 dxe5 14.dxe5 Nh5 15.Qf3 Bxe5
16.Rfd1 Qc7 17.Bc5 Nd5 18.Nxd5 cxd5 19.Bxd5 exd5 20.Rxd5 Rc8 21.Qe4 f6 22.Rad1 Rg8
23.Bd6 Qxc2 24.Rxe5+ fxe5 25.Qxe5+ Kd7 26.Qd4 Qxd1+ 27.Qxd1 Ke6 28.g4 Rcd8
29.gxh5 gxh5+ 30.Kf1 b4 31.Ke1 Rge8 32.axb4 Rxd6 33.Qb3+ Kf6 34.b5 Bc8 35.Qc3+ Kf7
36.Qc4+ Rde6 37.f3  0-1

[Event "Tan Lian Ann cup"]
[Site "Tianjin CHN"]
[Date "2001.07.30"]
[Round "16"]
[White "Petronic,J"]
[Black "Altanoch,G"]
[Result "1-0"]
[WhiteElo "2389"]
[BlackElo "2295"]

1.e4 g6 2.d4 Bg7 3.Nc3 c6 4.Nf3 d6 5.Bc4 Nf6 6.Bb3 O-O 7.O-O Bg4 8.h3 Bxf3
9.Qxf3 e6 10.Bg5 h6 11.Bh4 Nbd7 12.Rad1 g5 13.Bg3 d5 14.Bd6 Re8 15.e5 Nh7
16.Ne2 Nhf8 17.c3 f6 18.exf6 Nxf6 19.Bh2 N6d7 20.Ng3 Qf6 21.Qe2 Ng6 22.Nh5 Qf7
23.f4 Nxf4 24.Bxf4 gxf4 25.Rxf4 Bf6 26.Rdf1  1-0

[Event "MTO"]
[Site "Biel SUI"]
[Date "2001.07.31"]
[Round "8"]
[White "Beshukov,S"]
[Black "Musalov,R"]
[Result "1-0"]
[WhiteElo "2482"]
[BlackElo "2313"]

1.e4 g6 2.d4 Bg7 3.Nc3 c6 4.Nf3 d5 5.h3 dxe4 6.Nxe4 Nd7 7.Bd3 Ngf6 8.O-O Qc7
9.Nxf6+ Nxf6 10.Re1 O-O 11.c3 Nh5 12.Bg5 f6 13.Be3 e5 14.dxe5 fxe5 15.Ng5 Nf4
16.Bc4+ Kh8 17.Bc5 Rf5 18.Ne4 Be6 19.Bxe6 Nxe6 20.Bd6 Qd8 21.Ng3 Rg5 22.h4 Rxg3
23.fxg3 Qb6+ 24.Kh2 Rd8 25.Rxe5 Bxe5 26.Bxe5+ Kg8 27.Qg4 Ng7 28.Rf1 Qe3 29.Bd4 Qe6
30.Qf4 Nf5 31.Qc7 Qd6 32.Qxd6 Nxd6 33.Bxa7 Ra8 34.Rd1 Nc4 35.Bc5 Ne5 36.a3 Ng4+
37.Kg1 Re8 38.Kf1 Re5 39.Bg1 Re7 40.Re1 Rd7 41.Ke2 Kf7 42.Bd4 h5 43.Rf1+ Ke6
44.b4 Rd8 45.a4 Ra8 46.a5 Rd8 47.Rf4 Ke7 48.Bc5+ Ke6 49.Re4+ Kf5 50.Re7 Nf6
51.Rxb7 Kg4 52.Rg7 Ne4 53.Ke3 Nxc3 54.Rxg6+  1-0

[Event "MTO"]
[Site "Biel SUI"]
[Date "2001.08.02"]
[Round "10"]
[White "Pikula,D"]
[Black "Belotelov,D"]
[Result "1-0"]
[WhiteElo "2458"]
[BlackElo "2308"]

1.e4 g6 2.d4 Bg7 3.Nc3 c6 4.Be3 d5 5.Qd2 e6 6.Nf3 b6 7.O-O-O a5 8.h4 h6 9.e5 Ba6
10.h5 g5 11.Nh2 f5 12.exf6 Nxf6 13.f4 gxf4 14.Bxf4 Nxh5 15.Bxb8 Qxb8 16.Bxa6 b5
17.Qe3 Kd7 18.Rhf1 Bf6 19.Qh3 Bg5+ 20.Kb1 Nf4 21.Qg4 Rxa6 22.g3 Ng6 23.Rf7+ Ne7
24.Re1 Qd6 25.Nf3 Raa8 26.Ne5+ Ke8 27.Rf3  1-0

[Event "Pricenet Cup"]
[Site "Olomouc CZE"]
[Date "2001.08.02"]
[Round "1"]
[White "Krejci,J"]
[Black "Andres Gonzalez,A"]
[Result "1/2-1/2"]
[WhiteElo "2319"]
[BlackElo "2407"]

1.e4 g6 2.d4 Bg7 3.Nc3 c6 4.Bc4 d6 5.Qf3 e6 6.Nge2 b5 7.Bb3 a5 8.a3 Ba6 9.Be3 Nd7
10.O-O Ne7 11.Rad1 O-O 12.Rfe1 Nb6 13.Qh3 Qc7 14.Bh6 b4 15.Bxg7 Kxg7 16.Na4 Nc4
17.Nf4 Ra7 18.Qh4 bxa3 19.bxa3 h6 20.Rd3 Ng8 21.Rc3 Nb6 22.Rg3 Kh7 23.Nxb6 Qxb6
24.Bxe6 fxe6 25.Nxe6 Rf6 26.Ng5+ Kg7 27.e5 dxe5 28.Ne4 Qxd4 29.Qg4 Raf7 30.c3 Qc4
31.Nxf6 Rxf6 32.Qxc4 Bxc4 33.Rxe5 a4 34.h4 Kf7 35.Ra5 Bb3 36.Re3 Re6 37.h5 Rxe3
38.hxg6+ Kxg6 39.fxe3 Nf6 40.Ra6 c5 41.Rc6 c4 42.Kf2 Kf5 43.Rc5+ Ke4 44.Ke2 Nd5
45.Kd2 Nxe3 46.Rh5 Ng4 47.Rh3 Kf4 48.Rf3+ Ke5 49.Rh3 Ba2 50.Rh1 Kf4 51.Rh3 Bb1
52.Rf3+ Ke5 53.Rf8 Be4 54.g3 Nf6 55.Ke3 Bc6 56.Rc8 Bd5 57.Rc7 Ne4 58.Re7+ Kf5
59.Kd4 Bc6 60.Re5+ Kf6 61.Rxe4 Bxe4 62.Kxe4 Kg5 63.Kd4 Kg4 64.Kxc4 Kxg3 65.Kb5 h5
66.c4 h4 67.c5 h3 68.c6 h2 69.c7 h1=Q 70.c8=Q Qb1+ 71.Kxa4 Qd1+ 72.Ka5 Qd2+  1/2-1/2

[Event "Pricenet Cup"]
[Site "Olomouc CZE"]
[Date "2001.08.05"]
[Round "5"]
[White "Skytte,R"]
[Black "Andres Gonzalez,A"]
[Result "0-1"]
[WhiteElo "2342"]
[BlackElo "2407"]

1.e4 g6 2.d4 Bg7 3.Nc3 c6 4.Nf3 d5 5.h3 Nh6 6.Bd3 O-O 7.O-O f6 8.Re1 Nf7
9.Qe2 e5 10.dxe5 fxe5 11.b3 Be6 12.a4 a6 13.Ba3 Re8 14.Rad1 Nd7 15.Nb1 Qb6
16.Nbd2 Nc5 17.Qe3 d4 18.Qe2 Bf8 19.Bc4 Qc7 20.Bxe6 Nxe6 21.Bxf8 Rxf8 22.Qc4 Nfd8
23.b4 b5 24.axb5 axb5 25.Qb3 Qe7 26.c3 Ra4 27.cxd4 Rxb4 28.Qe3 Qf6 29.Qc3 Rxd4
30.Nxd4 exd4 31.Qb3 Qg5 32.Qg3 Qxg3 33.fxg3  0-1

[Event "It"]
[Site "Nikolaev UKR"]
[Date "2001.08.06"]
[Round "6"]
[White "Areshchenko,A"]
[Black "Slovineanu,V"]
[Result "1/2-1/2"]
[WhiteElo "2462"]
[BlackElo "2406"]

1.e4 g6 2.d4 Bg7 3.Nc3 c6 4.Nf3 d6 5.Bf4 Nf6 6.h3 O-O 7.Qd2 b5 8.Bd3 a6 9.O-O Nbd7
10.Rfe1 c5 11.Bh6 cxd4 12.Nxd4 Bb7 13.Bxg7 Kxg7 14.a3 Rc8 15.Rad1 Re8 16.Kh1 Rc7
17.Nde2 Nc5 18.Ng3 h6 19.Bf1 Rd7 20.b4 Ne6 21.Nd5 Ng5 22.a4 bxa4 23.b5 Ngxe4
24.Rxe4 Bxd5 25.Rxa4 Qb6 26.bxa6  1/2-1/2

[Event "Pricenet Cup"]
[Site "Olomouc CZE"]
[Date "2001.08.07"]
[Round "8"]
[White "Gunnarsson,J"]
[Black "Andres Gonzalez,A"]
[Result "1/2-1/2"]
[WhiteElo "2404"]
[BlackElo "2407"]

1.e4 g6 2.d4 Bg7 3.Nc3 c6 4.Bc4 d6 5.Qf3 e6 6.Nge2 b5 7.Bb3 a5 8.a3 Ba6 9.O-O Nd7
10.Bf4 Qe7 11.Rad1 h6 12.Rfe1 e5 13.Bg3 Ngf6 14.h3 O-O 15.a4 b4 16.Nb1 c5
17.dxe5 dxe5 18.Bd5 Nxd5 19.exd5 Qd6 20.Nd2 f5 21.b3 Nb6 22.c4 Rae8 23.Qd3 Re7
24.f3 Bc8 25.Nc1 Bd7  1/2-1/2

[Event "Valoz Cup"]
[Site "Olomouc CZE"]
[Date "2001.08.07"]
[Round "9"]
[White "Llaneza Vega,P"]
[Black "Simacek,P"]
[Result "0-1"]
[WhiteElo "2198"]
[BlackElo "2404"]

1.e4 g6 2.d4 Bg7 3.Nc3 c6 4.Be3 d5 5.e5 h5 6.Qd2 Nh6 7.Bd3 Bf5 8.Nge2 Bxd3
9.Qxd3 e6 10.h4 Bf8 11.Bg5 Be7 12.Bxh6 Rxh6 13.g3 a6 14.Nd1 c5 15.c3 Rh8
16.Nf4 Nc6 17.Ne3 cxd4 18.cxd4 Qa5+ 19.Kf1 Qb4 20.Nc2 Qxb2 21.Kg2 Qb5 22.Qd2 Qa5
23.Qd3 O-O-O 24.Ne3 Qa4 25.Rhd1 Kb8 26.Ne2 Rc8 27.Rab1 Rc7 28.Nc3 Qa5 29.Rb3 Rhc8
30.Rdb1 Nd8 31.Ned1 Rc4 32.a3 R8c7 33.Kh2 Bf8 34.Qd2 Ra4 35.Ra1 Nc6 36.Qb2 Rxd4
37.Rb1 Nd8 38.Qe2 Rdc4 39.Qf3 Bg7  0-1

[Event "Kochan Mem Open"]
[Site "Koszalin POL"]
[Date "2001.08.10"]
[Round "6"]
[White "Liwak,P"]
[Black "Polishchuk,O"]
[Result "1-0"]
[WhiteElo "2298"]
[BlackElo "2253"]

1.e4 g6 2.d4 Bg7 3.Nc3 c6 4.Bc4 d6 5.Qf3 e6 6.Nge2 Nd7 7.a4 b6 8.O-O Bb7
9.Qg3 d5 10.exd5 cxd5 11.Nb5 dxc4 12.Nd6+ Ke7 13.Nxb7 Qb8 14.Qf3 Ngf6 15.b3 Kf8
16.bxc4 h5 17.Ba3+ Kg8 18.Bd6 Qc8 19.c5 bxc5 20.dxc5 Ng4 21.Rab1 Nge5 22.Qe4 h4
23.Na5 h3 24.c6 hxg2 25.Rfd1 f5 26.cxd7 fxe4 27.dxc8=Q+ Rxc8 28.Kxg2 Rxc2
29.Nd4 Ra2 30.Nxe6 Ng4 31.Rb8+ Kf7 32.Ng5+ Kf6 33.Nxe4+ Kf5 34.Rxh8 Bxh8
35.Re1 Bd4 36.Bg3 g5 37.h3 Ne3+ 38.Kf3 Nc2 39.Nd6+ Kf6 40.Rd1 Rxa4 41.Nc6 Ke6
42.Nb5 Bc5 43.Rc1 Rc4 44.Rxc2 Rxc2 45.Ncd4+ Kd5 46.Nxc2 a5 47.Nba3 a4 48.Ke2 Ke4
49.f3+ Kd5 50.Kd3 Be7 51.Nc4 Kc5 52.Be1 Kd5 53.Nb6+ Ke5 54.Nxa4 Kf4 55.Ke2  1-0

[Event "US Open"]
[Site "Framingham USA"]
[Date "2001.08.11"]
[Round "8"]
[White "Shahade,G"]
[Black "Bryan,J"]
[Result "1-0"]
[WhiteElo "2455"]
[BlackElo "2283"]

1.e4 g6 2.d4 Bg7 3.Nc3 c6 4.Nf3 d6 5.a4 Nf6 6.Be2 O-O 7.O-O Qc7 8.Bf4 Nh5
9.Be3 e5 10.Qd2 a5 11.Rad1 Na6 12.Rfe1 f6 13.Nb1 Be6 14.Na3 c5 15.dxc5 dxc5
16.Qd6 Qxd6 17.Rxd6 Kf7 18.Rb6 Rfb8 19.Rd1 Bf8 20.Bc4 Bxc4 21.Nxc4 Nb4 22.c3 Nc6
23.Rd7+ Kg8 24.Rbxb7 Rxb7 25.Rxb7 Rd8 26.g3 Rd1+ 27.Kg2 Ra1 28.Rb6 Nd8 29.b3 Nf7
30.Nxa5 f5 31.Rb8 Kg7 32.exf5 gxf5 33.Nh4 f4 34.Nf5+ Kg6 35.Rxf8 Kxf5 36.gxf4 exf4
37.Rxf7+ Kg6 38.Rxf4 Nxf4+ 39.Bxf4 Rb1 40.c4 Kf5 41.Be3 h5 42.Bxc5  1-0

[Event "Kochan Mem Open"]
[Site "Koszalin POL"]
[Date "2001.08.12"]
[Round "8"]
[White "Markiewicz,Ja"]
[Black "Polishchuk,O"]
[Result "1-0"]
[WhiteElo "2245"]
[BlackElo "2253"]

1.e4 g6 2.d4 Bg7 3.Nc3 c6 4.Bc4 d6 5.Qf3 e6 6.Nge2 Nd7 7.O-O b5 8.Bb3 a5
9.a4 b4 10.Nd1 Ne7 11.Bf4 d5 12.c3 O-O 13.cxb4 axb4 14.Bd6 dxe4 15.Qxe4 Nf6
16.Qe5 Nfd5 17.Bxe7 Qxe7 18.Qe4 Ba6 19.Re1 Rfd8 20.Ne3 Nxe3 21.fxe3 c5 22.dxc5 Qxc5
23.Rac1 Qb6 24.Nf4 Bb7 25.Qc2 Rac8 26.Qf2 Rxc1 27.Rxc1 Bxb2 28.Rf1 Bg7 29.a5 Qc6
30.Nh3 Rd7 31.Ng5 Bf6 32.Ba4 Qxa4 33.Qxf6 Qa2 34.e4 Qc4 35.Nxf7 Qd4+ 36.Qxd4 Rxd4
37.Ng5 Ba6 38.Nxe6 Bxf1 39.Nxd4 Bc4 40.Kf2 b3 41.Nf3 b2 42.Nd2 Kf7 43.Ke3 Ke6
44.Kd4 Bf1 45.g3 Kd6 46.Kc3 Kc5 47.Kxb2 Bg2 48.Kc3 Kb5 49.Kd4 Kxa5 50.Kc5 Ka6
51.e5 Kb7 52.Kd6 Kc8 53.Ke7 Bd5 54.Nb1 Kc7 55.Nc3 Bc4 56.Ne4 h6 57.Nf2 Kc6
58.Kf6 g5 59.Kg6 Kd5 60.Kxh6 Kxe5 61.Kxg5 Kd4 62.Kf4 Kd5 63.g4 Ke6 64.Ne4 Ba2
65.h4 Kf7 66.h5 Kg7 67.g5 Bb3 68.Ng3 Bd1 69.Nf5+ Kg8 70.Nh6+ Kh7 71.Ng4 Kg7
72.g6 Bc2 73.Kg5 Kg8 74.Kf6 Bd1 75.Nh6+  1-0

[Event "I American Continental"]
[Site "Cali COL"]
[Date "2001.08.13"]
[Round "4"]
[White "Vittorino,C"]
[Black "Oblitas,C"]
[Result "1/2-1/2"]
[WhiteElo "2257"]
[BlackElo "2411"]

1.e4 g6 2.d4 Bg7 3.Nc3 c6 4.Bc4 d6 5.Nf3 Nf6 6.a4 d5 7.exd5 cxd5 8.Bb5+ Nbd7
9.O-O O-O 10.a5 a6 11.Bd3 b5 12.Bd2 Nb8 13.Ne5 Nfd7 14.f4 Nxe5 15.dxe5 Nc6
16.Qf3 Be6 17.Qg3 Kh8 18.h4 Nb4 19.Ne2 Nxd3 20.cxd3 d4 21.h5 Bf5 22.hxg6 fxg6
23.Bb4 Rc8 24.Rac1 Qd7 25.Rc5 Bg4 26.Nc1 h5 27.Nb3 Rxc5 28.Nxc5 Qf5 29.Rf2 Rc8
30.Nxa6 Rc1+ 31.Kh2 g5 32.fxg5 Bxe5 33.Rxf5 Bxg3+ 34.Kxg3 Bxf5 35.Nc5 Bc8
36.a6 Rxc5 37.Bxc5 Bxa6 38.Bxd4+ Kh7 39.Bc5 e6 40.Kf4 Bb7 41.Ke5 Kg6 42.Kxe6 Bxg2
43.Be3 Bh3+ 44.Ke5 Bc8 45.d4 h4 46.d5 h3 47.Bf4 Bg4 48.b4 h2 49.Bxh2 Kxg5
50.Kd6 Kf6 51.Kc7 Ke7 52.Bg1 Ke8 53.Bb6 Bf5 54.d6 Bg4 55.Kc6 Bd7+ 56.Kc5 Kf7
57.Bd8 Ke8 58.Bg5 Kf7 59.Kb6 Ke8  1/2-1/2

[Event "Kochan Mem Open"]
[Site "Koszalin POL"]
[Date "2001.08.13"]
[Round "9"]
[White "Markiewicz,Ja"]
[Black "Shurygin,S"]
[Result "0-1"]
[WhiteElo "2245"]
[BlackElo "2394"]

1.e4 g6 2.d4 Bg7 3.Nc3 c6 4.Bc4 d5 5.exd5 b5 6.Bb3 b4 7.Nce2 cxd5 8.a3 bxa3
9.Rxa3 Nf6 10.Nf3 O-O 11.O-O Nbd7 12.Ne5 Bb7 13.Nf4 e6 14.Nfd3 Nxe5 15.Nxe5 Nd7
16.Re1 Nxe5 17.dxe5 Qc7 18.Qd4 Rfc8 19.Bd2 Bf8 20.Bb4 Qb6 21.Qxb6 axb6 22.Bxf8 Kxf8
23.Rxa8 Rxa8 24.f4 Ra5 25.Rd1 Bc6 26.Kf2 Ke7 27.g4 h6 28.Kg3 f6 29.exf6+ Kxf6
30.h4 Ba4 31.Rd3 Bxb3 32.Rxb3 Rc5 33.c3 b5 34.Rb4 h5 35.g5+ Kf5 36.Rd4 Rc7
37.Rb4 Rc5 38.Rd4 Rc4 39.Kf3 Ra4 40.b4 Ra3 41.Rd3 d4 42.Rxd4 Rxc3+ 43.Kg2 Re3
44.Rd8 Ke4 45.Rg8 Kf5 46.Rb8 Kg4 47.Rxb5 Kxh4 48.Kf2 Rb3 49.Kg2 Kg4 50.Kf2 Rb2+
51.Ke3 h4 52.Rb8 h3 53.Rb7 h2 54.Rh7 Rb3+  0-1

[Event "ch-FRA Low Pool"]
[Site "Marsailles FRA"]
[Date "2001.08.13"]
[Round "9"]
[White "Apicella,M"]
[Black "Koch,JR"]
[Result "1/2-1/2"]
[WhiteElo "2524"]
[BlackElo "2518"]

1.e4 g6 2.d4 Bg7 3.Nc3 c6 4.Nf3 d5 5.e5 f6 6.Be2 Nh6 7.O-O Nf7 8.exf6 exf6
9.Bf4 O-O 10.h3 Nd7 11.Re1 Re8 12.Qd2  1/2-1/2

[Event "7th Stage Russian Cup"]
[Site "Togliatty RUS"]
[Date "2001.08.13"]
[Round "6"]
[White "Nachev,S"]
[Black "Kornev,Alexe"]
[Result "1-0"]
[WhiteElo "2401"]
[BlackElo "2525"]

1.d4 g6 2.e4 Bg7 3.Nc3 c6 4.Be3 d5 5.Qd2 Nf6 6.e5 Ne4 7.Nxe4 dxe4 8.O-O-O O-O
9.Bc4 b5 10.Bb3 a5 11.a3 Be6 12.Bxe6 fxe6 13.Ne2 b4 14.axb4 Qb6 15.Qc3 axb4
16.Qc4 c5 17.dxc5 Qa5 18.Kd2 b3+ 19.Nc3 bxc2 20.Kxc2 Na6 21.Ra1  1-0

[Event "TCh-ESP Div 2"]
[Site "Vila Real ESP"]
[Date "2001.08.13"]
[Round "1"]
[White "Baron Rodriguez,Je"]
[Black "Herrero Sabartes,J"]
[Result "1-0"]
[WhiteElo "2399"]
[BlackElo "2325"]

1.e4 g6 2.d4 Bg7 3.Nc3 c6 4.Nf3 d5 5.h3 dxe4 6.Nxe4 Nh6 7.Bd3 Nf5 8.c3 O-O
9.Bf4 Nd6 10.O-O Nxe4 11.Bxe4 Nd7 12.Re1 a5 13.Qe2 Nf6 14.Bd3 Nd5 15.Bg3 a4
16.Rad1 Bf6 17.c4 Nc7 18.Bb1 Ne8 19.Ne5 Nd6 20.Ng4 Bxg4 21.hxg4 b5 22.c5 Nc4
23.Be4 Qc8 24.b3 axb3 25.axb3 Na3 26.d5 cxd5 27.Bxd5 Qxc5 28.Bxa8 Rxa8 29.Qe4 Rc8
30.Rc1 Qxc1 31.Rxc1 Rxc1+ 32.Kh2 Rc8 33.Qb7 Rd8 34.Bc7 Rf8 35.Bf4 g5 36.Bc1 Nc2
37.Qxb5 Nd4 38.Qa4 e6 39.Qc4  1-0

[Event "I American Continental"]
[Site "Cali COL"]
[Date "2001.08.19"]
[Round "10"]
[White "Castro,O"]
[Black "Leyva,H"]
[Result "0-1"]
[WhiteElo "2364"]
[BlackElo "2428"]

1.e4 g6 2.d4 Bg7 3.Nc3 c6 4.Nf3 d5 5.Be2 dxe4 6.Nxe4 Nh6 7.Bf4 Nf5 8.c3 O-O
9.O-O Nd6 10.Nxd6 exd6 11.d5 c5 12.Nd2 g5 13.Bg3 f5 14.f4 g4 15.Bd3 Nd7 16.Qc2 Nb6
17.Rfe1 Kh8 18.Qb3 Bd7 19.a4 Rb8 20.Bb5 Bc8 21.Re2 Na8 22.Rae1 Nc7 23.Bd3 b6
24.Bb5 Nxb5 25.axb5 a6 26.Re7 Bf6 27.Ra7 a5 28.Nc4 Rb7 29.Ra8 Re7 30.Qd1 Rxe1+
31.Bxe1 Qc7 32.Qd3 Kg8 33.b4 axb4 34.Kf1 Bd7 35.Rxf8+ Kxf8 36.Ne3 c4 37.Qb1 bxc3
38.Qb4 Qc5 39.Bxc3 Qxe3 40.Bxf6 Qxf4+ 41.Ke2 Qe4+ 42.Kf2 Qxd5 43.Qe1 Qe6
44.Qa1 Bxb5 45.Bd4 Bc6 46.Bxb6 Qe5 47.Qc1 Qxh2 48.Qg5 Qxg2+ 49.Ke1 Qe4+ 50.Kf2 Qc2+  0-1

[Event "6th San Agustin Open"]
[Site "Aviles ESP"]
[Date "2001.08.21"]
[Round "5"]
[White "Vega Gutierrez,S"]
[Black "Andres Gonzalez,I"]
[Result "0-1"]
[WhiteElo "2127"]
[BlackElo "2175"]

1.e4 g6 2.d4 Bg7 3.Nc3 c6 4.f4 d5 5.e5 Nh6 6.Nf3 f6 7.Bd3 Bf5 8.Be3 O-O 9.h3 fxe5
10.fxe5 c5 11.dxc5 Nc6 12.Bxh6 Bxh6 13.Bxf5 Rxf5 14.Qxd5+ Qxd5 15.Nxd5 e6
16.Nc7 Rc8 17.Nxe6 Kf7 18.Ned4 Nxd4 19.Nxd4 Rxe5+ 20.Kf1 Rexc5 21.c3 Bg7
22.Rd1 Rd5 23.Ke2 Bxd4 24.Rhf1+ Ke6 25.cxd4 Rc2+ 26.Rd2 Rxd2+ 27.Kxd2 Rxd4+
28.Kc3 Rd5 29.Rf2 Rg5 30.Kd4 Rg3 31.Ke4 h5 32.Kf4 h4 33.Ke4 Rg5 34.Rc2 Rg3
35.Rf2 a5 36.Rc2 Kd6 37.Kd4 Rg5 38.Ke4 Rf5 39.Kd4 Rb5 40.Rf2 Rb4+ 41.Kd3 Ke5
42.Ke3 b6 43.Kd3 a4 44.Ke3 b5 45.Kd3 Rd4+ 46.Ke3 Rd1 47.a3 Rb1 48.Rc2 Kd5
49.Kd3 Rf1 50.Ke3 Rf5 51.Kd3 Rg5 52.Ke3 Rg3+ 53.Kf2 Kd4  0-1

[Event "Open"]
[Site "Lisbon POR"]
[Date "2001.08.23"]
[Round "3"]
[White "Costa,Joao"]
[Black "Reinaldo Castineira,R"]
[Result "0-1"]
[WhiteElo "2021"]
[BlackElo "2403"]

1.e4 g6 2.d4 Bg7 3.Nc3 c6 4.Be3 d5 5.e5 f6 6.f4 Nh6 7.Be2 Nd7 8.Nf3 Nf8 9.Nd2 Nf5
10.Bf2 Ne6 11.Nf3 Nxf4 12.O-O O-O 13.exf6 exf6 14.Bd3 Nd6 15.Ne1 Nxd3 16.Nxd3 Bf5
17.Nf4 Qd7 18.Re1 Rae8 19.Qf3 Bxc2  0-1

[Event "Open"]
[Site "Lisbon POR"]
[Date "2001.08.27"]
[Round "7"]
[White "Costa,Joao"]
[Black "Larsen,Ka"]
[Result "1/2-1/2"]
[WhiteElo "2021"]
[BlackElo "2300"]

1.e4 g6 2.d4 c6 3.Nc3 Bg7 4.Be3 d5 5.f3 Nf6 6.e5 Nfd7 7.f4 Nb6 8.b3 a5 9.Nf3 Na6
10.Be2 h5 11.Nh4 e6 12.Nf3 Bf8 13.Bf2 Be7 14.O-O Bd7 15.Nb1 Nc8 16.c4 b5
17.c5 Nc7 18.a3 Kf8 19.Nbd2 Ne8 20.Rc1 Ng7 21.g3 Nf5 22.h3 Kg7 23.g4 hxg4
24.hxg4 Nh4 25.g5 Nxf3+ 26.Nxf3 b4 27.a4 Na7 28.Kg2 Qc7 29.Qd2 Rag8 30.Rh1 Qd8
31.Nh2 Bc8 32.Ng4 Rxh1 33.Rxh1 Rh8 34.Qd1 Rxh1 35.Qxh1 Qh8 36.Nh6 Kf8 37.Qh2 Ke8
38.Qh1 Bf8 39.Bd3 Bb7 40.Be2 Nc8 41.Bd3 Ne7 42.Qh4  1/2-1/2

[Event "FSIMB September"]
[Site "Budapest HUN"]
[Date "2001.09.03"]
[Round "3"]
[White "Alfred,N"]
[Black "Dobos,J"]
[Result "1-0"]
[WhiteElo "2205"]
[BlackElo "2309"]

1.e4 g6 2.d4 Bg7 3.Nc3 c6 4.Nf3 d6 5.Be2 Bg4 6.O-O d5 7.Be3 Bxf3 8.Bxf3 e6
9.Re1 Ne7 10.Bg5 f6 11.Bh4 O-O 12.Bg4 dxe4 13.Bxe6+ Kh8 14.Nxe4 Na6 15.Nc5 Nxc5
16.dxc5 Qa5 17.Bg3 Rfd8 18.Bd6 b6 19.Qf3 Nd5 20.Bxd5 cxd5 21.Be7 Re8 22.c3 d4
23.Bxf6 dxc3 24.Qc6 Rxe1+ 25.Rxe1 Rf8 26.Re8 Qxc5 27.Qxc5 Rxe8 28.Bxg7+  1-0

[Event "EYCC B16"]
[Site "Halkidiki GRE"]
[Date "2001.09.03"]
[Round "4"]
[White "Tallaksen,G"]
[Black "Nyback,T"]
[Result "0-1"]
[WhiteElo "2239"]
[BlackElo "2345"]

1.d4 g6 2.e4 Bg7 3.Nc3 c6 4.Bc4 d6 5.Qf3 e6 6.Nge2 Nd7 7.O-O Ngf6 8.Bg5 O-O
9.Rad1 Qa5 10.Bd2 Qc7 11.Bb3 b5 12.Bf4 e5 13.dxe5 dxe5 14.Bg5 a5 15.a4 b4
16.Nb1 h6 17.Bxf6 Nxf6 18.Nd2 Qa7 19.h3 Nd7 20.Nc4 Nc5 21.Qe3 Be6 22.Rd6 Rfc8
23.Rfd1 Bf8 24.R6d2 Nxa4 25.Qg3 Nc5 26.Nd6 Bxb3 27.Nxc8 Rxc8 28.cxb3 Nxe4
29.Qf3 Nxd2 30.Rxd2 Qc7 31.Qd3 Be7 32.Qc4 Bg5 33.Rc2 Kg7 34.Qc5 Rd8 35.g3 Qd6
36.Qxc6 Qxc6 37.Rxc6 Rd2 38.Kf1 Rxb2 39.Rc5 Rxb3 40.Rxa5 Rb1+ 41.Kg2 b3 42.Rxe5 Bf6  0-1

[Event "9th Asian Women"]
[Site "Chennai IND"]
[Date "2001.09.04"]
[Round "2"]
[White "Sergeeva,M"]
[Black "Gokhale,A"]
[Result "1-0"]
[WhiteElo "2327"]
[BlackElo "2251"]

1.e4 g6 2.d4 Bg7 3.Nc3 c6 4.f4 d5 5.e5 h5 6.Nf3 Nh6 7.Bd3 Bf5 8.Be3 e6 9.Bf2 Nd7
10.h3 Bxd3 11.Qxd3 Nf5 12.g3 Bf8 13.O-O-O Be7 14.g4 Ng7 15.Rdg1 b5 16.Nd1 Qa5
17.Kb1 Nb6 18.Ne3 Nc4 19.f5 gxf5 20.gxf5 Nxe3 21.f6 Ngf5 22.Bxe3 Bf8 23.Rg5 Nxe3
24.Qxe3 O-O-O 25.Qf2 c5 26.dxc5 Qb4 27.a3 Bxc5 28.axb4 Bxf2 29.Rg7 Rd7 30.Ng5 Rf8
31.h4 Rc7 32.c3 Be3 33.Rf1 Bxg5 34.hxg5 h4 35.Rh7 Rc4 36.Rg1 Re4 37.Rxf7 Rxf7
38.g6 Rf8 39.g7 Rg8 40.f7  1-0

[Event "9th Asian Women"]
[Site "Chennai IND"]
[Date "2001.09.06"]
[Round "6"]
[White "Kasturi,M"]
[Black "Gokhale,A"]
[Result "1/2-1/2"]
[WhiteElo "2115"]
[BlackElo "2251"]

1.e4 g6 2.d4 Bg7 3.Nc3 c6 4.g3 d6 5.Bg2 Nf6 6.Nge2 O-O 7.h3 Nbd7 8.O-O e5
9.Be3 exd4 10.Bxd4 Re8 11.Kh2 c5 12.Bxf6 Nxf6 13.Qd3 Be6 14.Rad1 Bf8 15.Nf4 Qb6
16.Nxe6 Rxe6 17.f4 Rae8 18.f5 gxf5 19.Rxf5 Bg7 20.Rdf1 Qxb2 21.Rb1 Qxc3 22.Qxc3 Ng4+
23.hxg4 Bxc3 24.Rxb7 R8e7 25.Rb8+ Kg7 26.Kg1 Rg6 27.Bf3 Be5 28.Kf2 d5 29.Rb5 dxe4
30.Be2 Rb6 31.Rxb6 axb6 32.a4 h6 33.Bc4 f6 34.Bb5 Re6 35.Ke3 Bxg3 36.Rd5 Bh4
37.Rd7+ Kf8 38.Rd8+ Kg7 39.Rd7+ Kf8 40.Rd8+ Kg7 41.Rd7+  1/2-1/2

[Event "ch-ARM"]
[Site "Yerevan ARM"]
[Date "2001.09.14"]
[Round "2"]
[White "Minasian,Ara"]
[Black "Minasian,Art"]
[Result "1/2-1/2"]
[WhiteElo "2480"]
[BlackElo "2581"]

1.e4 g6 2.d4 Bg7 3.Nc3 c6 4.Nf3 d6 5.Be2 Nf6 6.O-O O-O 7.a4 Nbd7 8.Be3 e5
9.dxe5 dxe5 10.Nd2 Qe7 11.Nc4 Ne8 12.Qd2 Nc5 13.Nd6 Qxd6 14.Qxd6 Nxd6 15.Bxc5 Rd8
16.Rfd1 Bf8 17.a5 Be6 18.b3 Nb5 19.Nxb5 Bxc5 20.Nc7 Rac8 21.Nxe6 fxe6 22.Bc4 Kf7
23.c3 a6 24.Kf1 Be7  1/2-1/2

[Event "TCh-CRO"]
[Site "Pula CRO"]
[Date "2001.09.18"]
[Round "9"]
[White "Stevic,H"]
[Black "Delchev,A"]
[Result "1-0"]
[WhiteElo "2485"]
[BlackElo "2629"]

1.e4 g6 2.d4 Bg7 3.Nc3 c6 4.Nf3 d6 5.Bc4 Nf6 6.e5 dxe5 7.Nxe5 O-O 8.O-O Nd5
9.Qf3 Be6 10.Ne4 Nc7 11.Rd1 Qc8 12.Be2 Bd5 13.c4 Bxe4 14.Qxe4 Nd7 15.Nf3 Re8
16.Qh4 Ne6 17.Be3 Bf6 18.Qh3 Ndf8 19.Rac1 h5 20.d5 Ng7 21.Qxc8 Rexc8 22.Bd3 c5
23.Rc2 Ne8 24.Re2 Nd6 25.Bf4 a5 26.a4 Ra6 27.b3 Nd7 28.Rde1 Rb6 29.Bc2 Nf5
30.Bd2 Ra8 31.Bxf5 gxf5 32.Re3 Nf8 33.Ne5 h4 34.Rf3 e6 35.Rd3 Rd6 36.Bf4 Rdd8
37.Red1 Kg7 38.h3 Ng6 39.Nxg6 Kxg6 40.dxe6 fxe6 41.Rd6 Kf7 42.Rxd8 Rxd8 43.Rxd8 Bxd8
44.Bd6 Kf6 45.Bxc5 Ke5 46.f3 b6 47.Be3 Kd6 48.f4 e5 49.fxe5+ Kxe5 50.Kf1 f4
51.Bf2 Ke4 52.Ke2 f3+ 53.gxf3+ Kf4 54.Be1 Be7 55.Kf2 Bc5+ 56.Kg2 Ke3 57.Bf2+ Kd3
58.Bxc5 bxc5 59.Kf2 Kd4 60.Ke2  1-0

[Event "ch-ARM"]
[Site "Yerevan ARM"]
[Date "2001.09.23"]
[Round "11"]
[White "Yegiazarian,A"]
[Black "Minasian,Art"]
[Result "1-0"]
[WhiteElo "2551"]
[BlackElo "2581"]

1.e4 g6 2.d4 Bg7 3.Nc3 c6 4.Nf3 d6 5.Bc4 Nf6 6.Qe2 b5 7.Bd3 O-O 8.e5 dxe5
9.dxe5 Nd5 10.Nxd5 cxd5 11.Bxb5 a6 12.Bd3 Bg4 13.h3 Bxf3 14.gxf3 Nc6 15.f4 e6
16.h4 h5 17.Be3 Rb8 18.b3 a5 19.a4 Qc7 20.Kf1 Nb4 21.Rc1 Qc3 22.Bd2 Qc5 23.Rh3 Rfc8
24.Rg3 Qe7 25.Kg2 Rc7 26.Kh3 Rbc8 27.Rcg1 Nxd3 28.cxd3 Rc2 29.d4 Qa3 30.f5 Qb2
31.fxg6 Rxd2 32.gxf7+ Kf8 33.Qa6 Rd8 34.Rxg7 Rd3+ 35.Qxd3 Qxf2 36.Rg8+ Ke7
37.f8=Q+ Rxf8 38.R1g7+ Rf7 39.Rxf7+ Qxf7 40.Rh8  1-0

[Event "ch-HUN Women"]
[Site "Budapest HUN"]
[Date "2001.09.25"]
[Round "5"]
[White "Gara,T"]
[Black "Lakos,N"]
[Result "1/2-1/2"]
[WhiteElo "2381"]
[BlackElo "2339"]

1.e4 c6 2.d4 g6 3.Nc3 Bg7 4.Nf3 d6 5.Be2 Nf6 6.Bg5 h6 7.Bf4 Qa5 8.Qd2 Nbd7
9.O-O-O g5 10.Bg3 Nh5 11.Kb1 Nxg3 12.hxg3 Rb8 13.Qe3  1/2-1/2